000 00534nam a2200181Ia 4500
008 240925s9999 xx 000 0 und d
020 _a812097246
082 _a428.24076 BRO
100 _aSamuel , Brwnstein -
245 0 _aBarron's GRE: how to prepare for the graduate record examination general test
250 _a17th
260 _aNew York:
_bBarrons Educa Series
_c,2001.
300 _axxiv,855p.
_bNA
_fPirated
500 _aNA
600 _aHumanities & Natural Science
650 _aEnglish and Old English
942 _cBK
999 _c6282
_d6282